Tribhuvan University Central Library

Student's achievement in mathematics from community based schools and public based schools at lower secondary level in Kaski district. (Record no. 65508)

MARC details
000 -LEADER
fixed length control field 00554 a2200157 4500
008 - FIXED-LENGTH DATA ELEMENTS--GENERAL INFORMATION
fixed length control field 150930b xxu||||| |||| 00| 0 eng d
041 ## - LANGUAGE CODE
Language code of text/sound track or separate title English
082 ## - DEWEY DECIMAL CLASSIFICATION NUMBER
Classification number CD7603
100 ## - MAIN ENTRY--PERSONAL NAME
Personal name Bhusal, Ram Krishna
-- 36530
245 ## - TITLE STATEMENT
Title Student's achievement in mathematics from community based schools and public based schools at lower secondary level in Kaski district.
260 ## - PUBLICATION, DISTRIBUTION, ETC. (IMPRINT)
Place of publication, distribution, etc Pokhara
Date of publication, distribution, etc 2010
502 ## - DISSERTATION NOTE
Dissertation note Dissertation
Degree type Degree in edu.math.
Name of granting institution PNC
650 ## - SUBJECT ADDED ENTRY--TOPICAL TERM
Topical term or geographic name as entry element Community schools
-- Community models
-- Public schools
653 ## - INDEX TERM--UNCONTROLLED
Uncontrolled term Mathematics
942 ## - ADDED ENTRY ELEMENTS (KOHA)
Source of classification or shelving scheme Dewey Decimal Classification
Koha item type Audio Visual Materials
Holdings
Withdrawn status Lost status Source of classification or shelving scheme Damaged status Not for loan Home library Current library Date acquired Total Checkouts Full call number Barcode Date last seen Price effective from Koha item type
    Dewey Decimal Classification     Tribhuvan University Central Library Tribhuvan University Central Library 07/13/2012   CD7603 A7551 07/13/2012 07/13/2012 Audio Visual Materials